Smallest Countries by Population Quiz - Statistics

General Stats
  • This quiz has been taken 97 times
  • The average score is 14 of 20
Answer Stats
Population Country % Correct
801 Vatican City
99%
39,242 Monaco
87%
33,931 San Marino
83%
77,265 Andorra
82%
11,792 Tuvalu
81%
10,824 Nauru
80%
38,128 Liechtenstein
77%
59,190 Marshall Islands
72%
18,094 Palau
72%
115,023 F.S. Micronesia
69%
198,414 Samoa
68%
53,199 St. Kitts & Nevis
68%
105,695 Tonga
68%
119,449 Kiribati
67%
183,627 St. Lucia
64%
110,940 St. Vincent & the Grenadines
63%
97,929 Antigua & Barbuda
62%
71,986 Dominica
58%
98,347 Seychelles
58%
112,523 Grenada
57%
No matching quizzes found
Score Distribution
Percent of People with Each Score
Percentile by Number Answered
Your Score History
You have not taken this quiz